000 00553 a2200181 4500
999 _c4544
_d4544
010 _aENG-86428
020 _a8181575407
_c120.00
035 _aEN-69961
037 _bDBAD / PUB
082 1 4 _a881
100 1 _aChoudhuri, Arjun
245 1 _aIn the house next door and other poems /
_cby Arjun Choudhuri
260 _aKolkata
_bWriters Workshop
_c2006
270 _a162/42, Lake Gardens,
_bCalcutta
_cWest Bengal
_e700 045
300 _a56p.
_c22cm (Hb)
490 _aWriters workshop redbird book
942 _adpl
_cEN
_2ddc
_h881
_mCHO